| 000 | 00732nam a2200229 a 4500 | ||
|---|---|---|---|
| 001 | 13715 | ||
| 003 | BD-JhCC | ||
| 005 | 20240318122749.0 | ||
| 008 | 240318b 2019b |||| ||a| 000 0 b d | ||
| 020 | _a9847015400936 | ||
| 035 | _a(BD-JhCC)13715 | ||
| 040 |
_aBD-JhCC _dBD-JhCC |
||
| 041 | _aben | ||
| 082 |
_a891.443 _bCHA 2019 |
||
| 100 | _a চট্টোপাধ্যায়, শরৎচন্দ্র | ||
| 245 |
_aচন্দ্রনাথ / _bশরৎচন্দ্র চট্টোপাধ্যায় |
||
| 260 |
_aঢাকা: _bজয় প্রকাশন; _c2019. |
||
| 300 |
_a48 p. : _c22 cm. |
||
| 650 | _aচিরায়ত উপন্যাস | ||
| 942 |
_2ddc _cBK |
||
| 999 |
_c13715 _d13715 |
||